000 00358nam a2200133Ia 4500
005 20260328104342.0
008 260328s9999||||xx |||||||||||||| ||und||
100 _aCortés, Miguel Angel
245 0 _aMosaico Romano del Mediterraneo /
_cMiguel Angel Cortés
260 _bMuseo Arqueologico Nacional
300 _a190 p.
650 _aHISTORIA
942 _cBK
999 _c12171
_d12171